000 01073nam a22003377a 4500
001 BR2012003133
003 BR-BrBNA
005 20230928103955.0
007 ta
008 230509b bl.||||| |||| 00| 0 por d
040 _aBR-BrBNA
_bpor
_cBiblioteca Nacional de Agricultura
041 _a(Por)
072 _aL73
_b5300
_b4150
090 _ 5300 BR2012003133
100 1 _aGerber, P.F.
110 1 _aUniversidade Federal de Minas Gerais, Belo Horizonte (Brasil). Escola de Veterinária
_0Tese (Mestre em Ciência Animal)
245 1 _aEstudo da transferência passiva de imunoglobulinas e infecção precoce de leitões por circovírus suíno 2
260 3 _aBelo Horizonte, MG (Brasil):
_c2010.
300 _a59 p.
500 _aSummaries (Eng, Por); Bibliography p. 47-57; 10 illus.; 6 tables
650 _aLEITÃO
650 _aINFECÇÃO
650 _aVÍRUS
650 _aSORO
650 _aCOLOSTRO
650 _aIMUNOGLOBULINA
650 _aPÓS-PARTO
650 _aBIOQUÍMICA ANIMAL
909 _a202309
_bLucia
_c55
_dLucia Elande
942 _cBK
999 _c77493
_d77493